000 00850nam a2200241 a 4500
001 BRCA_5661
005 20190320205154.0
008 220211t1933----fr-a######---#000-0#fre-#
041 _afre
044 _afr
050 4 _aNK3780
_b.G53 1933
100 1 _aGiacomotti, Jeanne
_914386
245 1 0 _aLa Ceramique
_cJeanne Giacomotti.
260 _aParís
_bE. Flammarion
_c1933
300 _a3 v.
_bil. (algunas a color), 12 láminas
_c22 cm.
440 0 _aLes Arts decoratifs
_914387
500 _aEjemplares iguales a U55 (Tomo II) y U56 (Tomo I)
500 _aF133
505 0 _aContenido: v.1. Antiquite: Pays musulmans-Extreme Orient. -- v.2. La Faience fine en Europe du Moyen age au XVIIIe siecle. -- v.3. La Faience fine- La porcelaine tendre- La Porcelaine dure
650 1 4 _aCerámica
_xHistoria
_91463
902 _aGFM
942 _2lcc
_cB
999 _c5354
_d5354